Elementi normativi internazionali e nazionali in materia di riciclaggio

Detalles Bibliográficos
Autor principal: Carbone, Michele
Otros Autores: Tolla, Marco
Formato: eBook
Lenguaje:italiano
Publicado: [Roma] : Cacucci Editore, 2010
Materias:
Acceso en línea:Acceso restringido

MARC

LEADER 00000nam a22000007a 4500
005 20110923102015.0
008 110923s2010 it |||||s|||| 00||0 ita d
020 |a 978-88-8422-915-1 
035 |a 4972 
040 |a vLex 
090 |c 2541  |d 2541 
100 1 |a Carbone, Michele 
245 1 0 |a Elementi normativi internazionali e nazionali in materia di riciclaggio  |h [Recurso electrn̤ico] /  |c Michele Carbone, Marco Tolla 
256 |a Servicio en ln̕ea. 
260 |a [Roma] :  |b Cacucci Editore,  |c 2010 
300 |a 1 recurso electrn̤ico 
506 1 |a Contenido solo disponible en los productos indicados  |d vLex Global  |d vLex Global (Academic Edition, excluding Law Schools)  |d vLex Global (U.S. Academic Edition, Law Schools)  |d vLex Global (U.S. Academic Edition, excluding Law Schools)  |d vLex Global (Academic Edition, Law Schools) 
650 0 4 |a Derecho internacional 
700 1 |a Tolla, Marco 
740 0 |a vLex Libros (Servicio en ln̕ea) 
856 4 0 |u http://vlex.com/source/elementi-normativi-internazionali-nazionali-riciclaggio-4972  |z Acceso restringido 
942 |c BOOK